000 01787nam a2200385 c 4500
003 BLK
005 20240623004054.0
008 180408b bul|||||r ||||||| ||bul||
010 _aKNG00037163000
020 _a954-439-696-9
_bиздат.: Слово
040 _aBLK
041 _aBUL
_cBUL
080 _aБългарска литература
_b821.163.2
_x(092)
_z821.163.2(092)
080 _aБългарска литература
_b821.163.2
_x.09
_z821.163.2.09
080 _aБългарски писател. Пълното име е Димитър Талев Петров-Палисламов
_b929 Талев, Димитър
_x
_z929 Талев, Димитър
100 1 _aСтанков, Иван Герасимов
_eпърви автор
_9364794
139 _aСтанков, Иван Герасимов
_bТ 25
245 1 0 _aНа пътя на историята
_bТворчеството на Димитър Талев
_cИван Герасимов Станков.
257 _aBGR
260 В. Търново
_bСлово
_c2001
_fВ. Търново : Абагар
300 _a144 с.
_c20 см
380 _a82
500 _aСъдържа и Димитър Талев : Библиогр. 1978-1998 / Живка Радева. - Библиогр. под линия.
600 1 4 _aТалев, Димитър
_9260706
650 4 _aБългарска литература - теми, образи, сюжети
_9242409
650 0 _aПисатели, български
_9241944
653 _aбългарска литература
653 _aДимитър Талев
852 _aЦб 209513
856 4 _qpdf
_u
856 4 _qpdf
_u
942 _cKNG
_n0
_01
944 _aCR
_c15.01.2003
_k
_lCRON CRON
944 _aED
_c19.09.2006
_k
999 _c34462
_d34462